LEADER 01498nam1 2200289 i 450 001 VAN00124626 005 20240806100816.886 100 $a20191022g2018 |0itac50 ba 101 $aeng 102 $aCH 105 $a|||| ||||| 200 1 $aCrowd dynamics$fLivio Gibelli, Nicola Bellomo editors 210 $aCham$cBirkhäuser$d2018- 215 $avolumi$cill.$d24 cm 463 1$1001VAN00124625$12001 $aˆVol. 1: ‰Theory, Models, and Safety Problems$fLivio Gibelli, Nicola Bellomo editors$1210 $aCham$cBirkhäuser$d2018$1215 $ax, 292 p.$cill.$d24 cm$v1 463 1$1001VAN00248951$12001 $aˆVol. 2: ‰Theory, Models, and Applications$fLivio Gibelli editor$1210 $aCham$cBirkhäuser$cSpringer$d2020$1215 $avii, 222 p.$cill.$d24 cm$v2 463 1$1001VAN00274361$12001 $aˆVol. 3: ‰Modeling and Social Applications in the Time of COVID-19$fNicola Bellomo, Livio Gibelli editors$1210 $aCham$cBirkhäuser$cSpringer$d2021$1215 $aviii, 257 p.$cill.$d24 cm$v3 463 1$1001VAN00278579$12001 $aˆVol. 4: ‰Analytics and Human Factors in Crowd Modeling$fNicola Bellomo, Livio Gibelli editors$1210 $aCham$cBirkhäuser$cSpringer$d2023$1215 $aix, 246 p.$cill.$d24 cm$v4 620 $aCH$dCham$3VANL001889 702 1$aBellomo$bNicola$3VANV039093 702 1$aGibelli$bLivio$3VANV096066 712 $aBirkhäuser $3VANV108193$4650 801 $aIT$bSOL$c20240906$gRICA 912 $fN 912 $aVAN00124626 996 $aCrowd dynamics$91565433 997 $aUNICAMPANIA LEADER 01497nam0 22003613i 450 001 VAN00286676 005 20250626094601.837 017 70$2N$a9789811581045 100 $a20250211d2021 |0itac50 ba 101 $aeng 102 $aSG 105 $a|||| ||||| 181 $ai$b e 182 $ab 183 $acr 200 1 $aHistone Mutations and Cancer$fDong Fang, Junhong Han editors 210 $aSingapore$cSpringer$d2021 215 $aVII, 96 p.$cill.$d24 cm 410 1$1001VAN00064096$12001 $aAdvances in Experimental Medicine and Biology$1210 $aNew York$cPlenum$d2003-$v1283 620 $aSG$dSingapore$3VANL000061 676 $a572.865$cEspressione genica$v22 676 $a572.6$cProteine$v22 702 1$aFang$bDong$3VANV240898 702 1$aHan$bJunhong$3VANV240899 712 $aSpringer $3VANV108073$4650 801 $aIT$bSOL$c20250627$gRICA 856 4 $uhttps://link.springer.com/book/10.1007/978-981-15-8104-5$zE-book - Accesso al full-text attraverso riconoscimento IP di Ateneo, proxy e/o Shibboleth 899 $aBIBLIOTECA DEL DIPARTIMENTO DI SCIENZE E TECNOLOGIE AMBIENTALI BIOLOGICHE E FARMACEUTICHE$1IT-CE0101$2VAN17 912 $fN 912 $aVAN00286676 950 $aBIBLIOTECA DEL DIPARTIMENTO DI SCIENZE E TECNOLOGIE AMBIENTALI BIOLOGICHE E FARMACEUTICHE$d17CONS e-book 189 $e17BIB189/27 27 20250211 996 $aHistone mutations and cancer$92803931 997 $aUNICAMPANIA